000 00661cab a2200217 4500
001 WB3136-20
008 090401t1995 xxu||||| |||| 00| 0 eng d
035 _a(Sirsi) u74677
041 _aeng
245 _aCampaign hangs on the vote
260 _c1995
350 _a0
490 _aGuardian
_vSection 2, 27 September 1995, 6(1)
520 _aResidents of a Walsall council estate wait to see whether their bid to form the first tenant-controlled housing association will be approved.
650 _aCOUNCIL HOUSING
650 _aTENANT-CONTROLLED HOUSING ASSOCIATION
650 _aWALSALL
690 _aHOUSING
942 _n0
948 _c04/03/1997
999 _c47058
_d47058